000
00286 a2200121 4500
001
60116
082
_a
372.89044 FIS
090
_c
36924
_d
36924
100
_a
Fisher Tony
245
_a
Developing as a teacher of geography
260
_a
UK
_b
Chris Kington
_c
2001
300
_a
95 p.
942
_a
NUST-CAE
_k
372.89044 FIS
999
_c
295189
_d
295189